000
00177nam a2200073Ia 4500
008
170817s9999 xx 000 0 und d
100
_a
SRIVASTAVA
245
0
_a
AADHUNIK SAMAJ MANOVIGYAN
260
_b
H.P. BHARGAV
999
_c
36138
_d
36138